00361nam a2200133Ia 4500008004100000041000800041082001400049100001900063245005000082250001400132260004400146300003000190365000700220240624s9999 xx 000 0 und d aeng a658.5 ADA aADAM EVERETT E aPRODUCTION AND OPERATIONS MANAGEMENT CONCEPTS a(5th ed.) c2004aNew DelhibPrentice-Hall of India axv, : 729 : p. : cm. ; 27 cRS